[Event "La Vila Region-ch"]
[Site "La Vila"]
[Date "2015.11.21"]
[Round "7.4"]
[White "Tonus, Alex"]
[Black "Marti Blanes, Jose Manuel"]
[Result "1/2-1/2"]
[WhiteElo "2055"]
[BlackElo "2032"]
[PlyCount "69"]
[EventDate "2015.10.03"]
[EventType "swiss"]
[EventRounds "7"]
[EventCountry "ESP"]
[SourceTitle "EXT 2024"]
[Source "ChessBase"]
[SourceDate "2023.10.10"]
[SourceVersion "1"]
[SourceVersionDate "2023.10.10"]
[SourceQuality "1"]

1. e4 c5 2. Nf3 d6 3. d4 cxd4 4. Nxd4 Nf6 5. Nc3 a6 6. Bc4 e6 7. Bb3 b5 8. Bg5 Be7 9. Qf3 Ra7 10. 0-0-0 Bd7 11. Be3 Rc7 12. g4 h5 13. g5 Ng4 14. g6 Rf8 15. Nf5 exf5 16. gxf7+ Rxf7 17. Bxf7+ Kxf7 18. Nd5 Rc4 19. h3 Nf6 20. Nxf6 Bxf6 21. Qxh5+ Kg8 22. Kb1 Qe7 23. exf5 Qe5 24. c3 Bxf5+ 25. Ka1 Ra4 26. Qe2 Be6 27. f4 Qe4 28. Qd3 Rxa2+ 29. Kb1 Qa4 30. Kc1 b4 31. Qxd6 Bf5 32. Qd5+ Kh8 33. Qxf5 bxc3 34. Qh5+ Kg8 35. Qd5+ 1/2-1/2

[Event "La Vila Region-ch"]
[Site "La Vila"]
[Date "2015.11.14"]
[Round "6.6"]
[White "Marti Blanes, Jose Manuel"]
[Black "Lloret Climent, Miguel"]
[Result "1/2-1/2"]
[WhiteElo "2032"]
[BlackElo "2002"]
[PlyCount "102"]
[EventDate "2015.10.03"]
[EventType "swiss"]
[EventRounds "7"]
[EventCountry "ESP"]
[SourceTitle "EXT 2024"]
[Source "ChessBase"]
[SourceDate "2023.10.10"]
[SourceVersion "1"]
[SourceVersionDate "2023.10.10"]
[SourceQuality "1"]

1. d4 d5 2. c4 e6 3. Nc3 Be7 4. Nf3 c6 5. cxd5 exd5 6. Bf4 Nf6 7. e3 Bf5 8. Ne5 Qb6 9. Qb3 Qxb3 10. axb3 Bc2 11. Nd3 Na6 12. Kd2 Bxb3 13. Ne5 Nb4 14. Be2 0-0 15. f3 Rfd8 16. g4 Nd7 17. Nxd7 Rxd7 18. Rhc1 b5 19. g5 a5 20. Bf1 a4 21. Bh3 Rda7 22. e4 Bc4 23. Be3 Nd3 24. Rcb1 Nb4 25. Bf1 Bb3 26. Rc1 Bd8 27. Bf4 Ba5 28. Bd6 Na2 29. Re1 a3 30. Rxa2 Bxc3+ 31. Kxc3 Bxa2 32. bxa3 Re8 33. Bc5 Ra4 34. Bh3 Ra6 35. e5 Bc4 36. f4 g6 37. Bg4 Kg7 38. h4 h5 39. Bh3 Rea8 40. Ra1 Be2 41. f5 gxf5 42. Bxf5 Bg4 43. Bc2 Bf3 44. Kb2 Be4 45. Bd1 Kg6 46. Be2 Ra4 47. Rf1 Bf5 48. Kb3 Re8 49. Kc3 Re6 50. Kd2 Be4 51. Ke3 Bf5 1/2-1/2

[Event "La Vila Region-ch"]
[Site "La Vila"]
[Date "2015.10.24"]
[Round "3.5"]
[White "Marquez Ortiz de Zarate, Alberto"]
[Black "Marti Blanes, Jose Manuel"]
[Result "1-0"]
[WhiteElo "2198"]
[BlackElo "2032"]
[PlyCount "119"]
[EventDate "2015.10.03"]
[EventType "swiss"]
[EventRounds "7"]
[EventCountry "ESP"]
[SourceTitle "EXT 2024"]
[Source "ChessBase"]
[SourceDate "2023.10.10"]
[SourceVersion "1"]
[SourceVersionDate "2023.10.10"]
[SourceQuality "1"]

1. d4 Nf6 2. c4 g6 3. g3 Bg7 4. Bg2 0-0 5. Nc3 d6 6. Nf3 Nbd7 7. 0-0 e5 8. e4 a6 9. Qc2 Rb8 10. Rd1 exd4 11. Nxd4 Ne5 12. c5 Nc6 13. Nxc6 bxc6 14. cxd6 cxd6 15. Bf4 Ne8 16. Rd2 Qa5 17. Rc1 Be5 18. Be3 Be6 19. b3 Nc7 20. f4 Bf6 21. Ne2 Nb5 22. Nd4 Bxd4 23. Bxd4 c5 24. Ba1 c4 25. f5 Bd7 26. bxc4 Na3 27. Qd3 Ba4 28. Bb2 Nc2 29. Rcxc2 Bxc2 30. Qxc2 Rfc8 31. Bf1 Qb6+ 32. Rf2 Qe3 33. Qc3 Qxc3 34. Bxc3 Rb1 35. Kg2 Rcb8 36. Rd2 Rc1 37. Bf6 Re1 38. Bd3 gxf5 39. exf5 Rbe8 40. Kf2 Rh1 41. Kf3 Rhe1 42. Bd4 Kf8 43. Bf2 Rc1 44. Rc2 Rd1 45. Be4 Rf1 46. g4 Kg7 47. Rd2 a5 48. Bd3 Rc1 49. Bg3 Rc3 50. Bxd6 f6 51. Kf2 Rd8 52. c5 a4 53. Be4 Rxc5 54. a3 Rc3 55. Bf3 Rxa3 56. g5 Rxd6 57. Rxd6 fxg5 58. f6+ Kf8 59. Bd5 Ke8 60. f7+ 1-0

[Event "La Vila Region-ch"]
[Site "La Vila"]
[Date "2015.10.17"]
[Round "2.7"]
[White "Marti Blanes, Jose Manuel"]
[Black "Sanchez Dengra, Barbara"]
[Result "1/2-1/2"]
[WhiteElo "2032"]
[BlackElo "1840"]
[PlyCount "80"]
[EventDate "2015.10.03"]
[EventType "swiss"]
[EventRounds "7"]
[EventCountry "ESP"]
[SourceTitle "EXT 2024"]
[Source "ChessBase"]
[SourceDate "2023.10.10"]
[SourceVersion "1"]
[SourceVersionDate "2023.10.10"]
[SourceQuality "1"]

1. d4 d5 2. c4 c6 3. cxd5 cxd5 4. Nc3 Nf6 5. Bf4 Nc6 6. e3 a6 7. Nf3 Bg4 8. h3 Bh5 9. g4 Bg6 10. Qb3 Be4 11. Nxe4 Nxe4 12. Bd3 Qa5+ 13. Ke2 Nb4 14. Bxe4 dxe4 15. Ne5 e6 16. a3 Qb5+ 17. Qc4 Qxc4+ 18. Nxc4 Nd3 19. Nb6 Nxf4+ 20. exf4 Rd8 21. Ke3 f5 22. Rac1 Bd6 23. Nc4 Bb8 24. Na5 Ba7 25. Rhd1 0-0 26. g5 Rf7 27. Rc4 Rfd7 28. Rb4 b5 29. Nc6 Rc8 30. Nxa7 Rxa7 31. d5 exd5 32. Rxd5 g6 33. Rd6 Rc1 34. Rbd4 Re1+ 35. Kd2 Rf1 36. Rd8+ Kg7 37. Ke2 Rh1 38. Rc8 Kf7 39. Rh8 Rxh3 40. Rd6 Ke7 1/2-1/2

[Event "Provincial-ch Xixona"]
[Site "Xixona"]
[Date "2014.11.22"]
[Round "7.3"]
[White "Marti Blanes, Jose Manuel"]
[Black "Beltra Garcia, Ruben"]
[Result "0-1"]
[WhiteElo "1960"]
[BlackElo "2116"]
[PlyCount "64"]
[EventDate "2014.09.27"]
[EventType "swiss"]
[EventRounds "7"]
[EventCountry "ESP"]
[SourceTitle "EXT 2024"]
[Source "ChessBase"]
[SourceDate "2023.10.10"]
[SourceVersion "1"]
[SourceVersionDate "2023.10.10"]
[SourceQuality "1"]

1. d4 d5 2. Nf3 c6 3. c4 e6 4. cxd5 exd5 5. Nc3 Bf5 6. Qb3 Qb6 7. Qxb6 axb6 8. e3 Nd7 9. Nh4 Bg6 10. Nxg6 hxg6 11. Bd2 Bd6 12. h3 Ngf6 13. Bd3 b5 14. 0-0 0-0 15. Rfc1 Nb6 16. f3 Rfe8 17. e4 b4 18. e5 bxc3 19. Bxc3 Be7 20. exf6 Bxf6 21. Re1 Rxe1+ 22. Rxe1 Nd7 23. f4 Nf8 24. f5 gxf5 25. Bxf5 g6 26. Bb1 Kg7 27. Kf2 Ne6 28. Rd1 Ra4 29. b4 Be7 30. Rd3 Bxb4 31. Bc2 Rxa2 32. Bxb4 Rxc2+ 0-1

[Event "Provincial-ch Xixona"]
[Site "Xixona"]
[Date "2014.11.15"]
[Round "6.4"]
[White "Sanchez Barbado, Carlos"]
[Black "Marti Blanes, Jose Manuel"]
[Result "0-1"]
[WhiteElo "2197"]
[BlackElo "1960"]
[PlyCount "63"]
[EventDate "2014.09.27"]
[EventType "swiss"]
[EventRounds "7"]
[EventCountry "ESP"]
[SourceTitle "EXT 2024"]
[Source "ChessBase"]
[SourceDate "2023.10.10"]
[SourceVersion "1"]
[SourceVersionDate "2023.10.10"]
[SourceQuality "1"]

1. e4 e6 2. d4 d5 3. Nd2 c5 4. Ngf3 Nc6 5. exd5 exd5 6. dxc5 Bxc5 7. Nb3 Bb6 8. c3 Nf6 9. Bg5 Bxf2+ 10. Kxf2 Ne4+ 11. Kg1 Nxg5 12. Qe1+ Be6 13. Nfd4 0-0 14. h4 Ne4 15. Bd3 Re8 16. Nxe6 Rxe6 17. Rh3 Qb6+ 18. Kf1 Rae8 19. Bxe4 dxe4 20. Re3 Rf6+ 21. Kg1 Rfe6 22. Kh1 f5 23. Qg3 Qd8 24. Qf4 Ne7 25. Rg3 Rf8 26. Rf1 Ng6 27. Qg5 Qxg5 28. Rxg5 Nxh4 29. Rh5 Ng6 30. Rhxf5 Rxf5 31. Rxf5 e3 32. Nd4 0-1

[Event "Provincial-ch Xixona"]
[Site "Xixona"]
[Date "2014.10.18"]
[Round "3.8"]
[White "Marti Blanes, Jose Manuel"]
[Black "Galiana Fernandez, Adrian"]
[Result "0-1"]
[WhiteElo "1960"]
[BlackElo "1921"]
[PlyCount "96"]
[EventDate "2014.09.27"]
[EventType "swiss"]
[EventRounds "7"]
[EventCountry "ESP"]
[SourceTitle "EXT 2024"]
[Source "ChessBase"]
[SourceDate "2023.10.10"]
[SourceVersion "1"]
[SourceVersionDate "2023.10.10"]
[SourceQuality "1"]

1. d4 d5 2. c4 c6 3. Nf3 Nf6 4. cxd5 cxd5 5. Nc3 Nc6 6. Bf4 Bf5 7. e3 e6 8. Bb5 Rc8 9. Ne5 Qa5 10. g4 Bg6 11. h4 Ne4 12. Bxc6+ bxc6 13. 0-0 Nxc3 14. bxc3 f6 15. Nxg6 hxg6 16. Qd3 f5 17. Bg3 Be7 18. g5 Qb5 19. Qb1 Qe2 20. Qd1 Qc4 21. Rb1 Qxc3 22. Rb7 Qa5 23. Qb3 c5 24. Rxe7+ Kxe7 25. Qb7+ Kd8 26. Qxg7 Re8 27. Qf6+ Kd7 28. Rb1 Qa6 29. Qxg6 c4 30. Qh5 c3 31. e4 c2 32. Rc1 dxe4 33. g6 Qxa2 34. g7 Qb2 35. Bf4 Qxd4 36. Qf7+ Re7 37. Qh5 Rxg7+ 38. Bg5 Qd2 39. Qf7+ Rxf7 40. Bxd2 Rh7 41. Bg5 Kd6 42. Kf1 Ke5 43. f4+ Kd4 44. Ke2 Kc3 45. Bf6+ Kb3 46. Ke3 Rd7 47. Ke2 Rd3 48. h5 Rh3 0-1

[Event "San Vicente IRT"]
[Site "San Vicente"]
[Date "2014.07.22"]
[Round "4.6"]
[White "Marti Blanes, Jose Manuel"]
[Black "Magdaleno Puche, Juan Pedro"]
[Result "0-1"]
[WhiteElo "2001"]
[BlackElo "1731"]
[PlyCount "84"]
[EventDate "2014.07.21"]
[EventType "swiss"]
[EventRounds "8"]
[EventCountry "ESP"]
[SourceTitle "EXT 2024"]
[Source "ChessBase"]
[SourceDate "2023.10.10"]
[SourceVersion "1"]
[SourceVersionDate "2023.10.10"]
[SourceQuality "1"]

1. d4 Nf6 2. c4 g6 3. Nc3 Bg7 4. e4 d6 5. Nf3 0-0 6. Be2 e5 7. 0-0 Nc6 8. d5 Ne7 9. Ne1 Ne8 10. Be3 f5 11. f3 f4 12. Bf2 g5 13. b4 Ng6 14. c5 Rf7 15. Nd3 h5 16. h3 Bf8 17. cxd6 cxd6 18. Nb5 a6 19. Nc3 Rg7 20. Na4 Bd7 21. Nb6 Nh4 22. Nxd7 Qxd7 23. Rc1 Nf6 24. Bxh4 gxh4 25. Kf2 Nh7 26. Nb2 Ng5 27. a4 Kh7 28. b5 Rc8 29. Qb3 Rxc1 30. Rxc1 Nxh3+ 31. gxh3 Qxh3 32. Ke1 Rg1+ 33. Kd2 Qg3 34. Rxg1 Qxg1 35. Qd1 Qe3+ 36. Kc2 h3 37. Nc4 Qf2 38. Qf1 Qg3 39. Qh1 h2 40. Bf1 Qg1 41. Bg2 h4 42. bxa6 bxa6 0-1

[Event "San Vicente IRT"]
[Site "San Vicente"]
[Date "2014.07.21"]
[Round "1.2"]
[White "Aracil Gisbert, Javier"]
[Black "Marti Blanes, Jose Manuel"]
[Result "1-0"]
[WhiteElo "1574"]
[BlackElo "2001"]
[PlyCount "163"]
[EventDate "2014.07.21"]
[EventType "swiss"]
[EventRounds "8"]
[EventCountry "ESP"]
[SourceTitle "EXT 2024"]
[Source "ChessBase"]
[SourceDate "2023.10.10"]
[SourceVersion "1"]
[SourceVersionDate "2023.10.10"]
[SourceQuality "1"]

1. c4 Nf6 2. g3 g6 3. Bg2 Bg7 4. Nf3 0-0 5. 0-0 d6 6. Nc3 e5 7. d3 a5 8. Rb1 Na6 9. a3 c6 10. b4 Nd7 11. Ne4 Qe7 12. b5 Nac5 13. Nxc5 Nxc5 14. bxc6 bxc6 15. d4 Na6 16. dxe5 dxe5 17. Qa4 Nc5 18. Qxc6 Bb7 19. Qb5 Be4 20. Rb2 a4 21. Be3 Nb3 22. c5 Rfd8 23. Rxb3 axb3 24. Qxb3 Qa7 25. Ng5 Bxg2 26. Kxg2 h6 27. Ne4 Qxa3 28. Qb6 Rdb8 29. Qc7 Rc8 30. Qd7 Qa4 31. Qxa4 Rxa4 32. Nd6 Rc6 33. Rb1 Bf8 34. Rb8 g5 35. Nf5 Ra7 36. h4 Rac7 37. hxg5 hxg5 38. Bxg5 Rxc5 39. Bf6 Rc8 40. Rb1 R8c6 41. Be7 Rc1 42. Rb8 Rc8 43. Rb4 Kh7 44. Rh4+ Kg6 45. e4 f6 46. Bxf8 Rxf8 47. Rh6+ Kf7 48. Rh7+ Ke8 49. Nd6+ Kd8 50. Ra7 Rc7 51. Ra8+ Ke7 52. Nf5+ Kf7 53. Ra1 Rh8 54. Ra6 Rb8 55. Ne3 Rcb7 56. Nd5 Rb4 57. Rxf6+ Kg7 58. f3 Rh8 59. g4 Rb2+ 60. Kg3 Rhh2 61. f4 exf4+ 62. Rxf4 Rbg2+ 63. Kf3 Rf2+ 64. Ke3 Rd2 65. Rf3 Rb2 66. Kf4 Rhf2 67. Rxf2 Rxf2+ 68. Kg5 Re2 69. Kf5 Ra2 70. Nf4 Ra6 71. e5 Ra8 72. g5 Kf8 73. e6 Ra1 74. Ng6+ Kg7 75. e7 Rf1+ 76. Ke6 Kxg6 77. e8Q+ Kg7 78. Qd7+ Kh8 79. Qd2 Rf8 80. Ke7 Kg7 81. Qd4+ Kh7 82. Kxf8 1-0

[Event "Benidorm op U2000 11th"]
[Site "Benidorm"]
[Date "2012.12.06"]
[Round "7"]
[White "Marti Blanes, Jose Manuel"]
[Black "Rucsandescu, Dan"]
[Result "1-0"]
[WhiteElo "1987"]
[BlackElo "1939"]
[PlyCount "57"]
[EventDate "2012.11.30"]
[EventType "swiss"]
[EventRounds "10"]
[EventCountry "ESP"]
[SourceTitle "EXT 2014"]
[Source "ChessBase"]
[SourceDate "2013.11.20"]
[SourceVersion "1"]
[SourceVersionDate "2013.11.20"]
[SourceQuality "1"]

1. d4 d5 2. c4 c6 3. cxd5 cxd5 4. Nc3 Nf6 5. Nf3 Nc6 6. Bf4 Bf5 7. e3 e6 8. Bb5 Nd7 9. 0-0 Rc8 10. Qb3 Be7 11. Rfc1 0-0 12. Bxc6 bxc6 13. Qb7 a5 14. Na4 c5 15. Ne5 Nxe5 16. Bxe5 Bd6 17. Bxd6 Qxd6 18. dxc5 Qc6 19. Qxc6 Rxc6 20. a3 Rb8 21. Nb6 Bd3 22. b4 f6 23. Rd1 Ba6 24. f3 Rd8 25. Rab1 Bb7 26. Rdc1 e5 27. b5 Rc7 28. c6 Bc8 29. Nxc8 1-0

[Event "Provincial-ch Xixona"]
[Site "Xixona"]
[Date "2012.10.20"]
[Round "2"]
[White "Marti Blanes, Jose Manuel"]
[Black "Coves Sepulcre, Laureano"]
[Result "0-1"]
[WhiteElo "1987"]
[BlackElo "1873"]
[PlyCount "99"]
[EventDate "2012.10.06"]
[EventType "swiss"]
[EventRounds "7"]
[EventCountry "ESP"]
[SourceTitle "EXT 2024"]
[Source "ChessBase"]
[SourceDate "2023.10.10"]
[SourceVersion "1"]
[SourceVersionDate "2023.10.10"]
[SourceQuality "1"]

1. e4 e5 2. Nf3 Nf6 3. Nxe5 d6 4. Nf3 Nxe4 5. Nc3 Nf6 6. d4 Be7 7. h3 Bf5 8. Bf4 Nc6 9. a3 0-0 10. Be2 h6 11. Qd2 d5 12. 0-0-0 Ne4 13. Nxe4 dxe4 14. Ne5 Nxe5 15. dxe5 Qxd2+ 16. Rxd2 Rfd8 17. Rhd1 c6 18. Be3 Rxd2 19. Rxd2 b6 20. g4 Be6 21. f3 exf3 22. Bxf3 Rc8 23. Be4 c5 24. Bd5 Rd8 25. c4 Kf8 26. Kc2 Bh4 27. Bxe6 Rxd2+ 28. Bxd2 fxe6 29. Kb3 Ke8 30. Ka4 a6 31. b4 cxb4 32. Bxb4 Bg3 33. Bd6 Kd7 34. Kb4 Kc6 35. a4 g6 36. Kc3 b5 37. cxb5+ axb5 38. axb5+ Kxb5 39. Kd3 Kc6 40. Ke4 Kd7 41. Bf8 h5 42. Bh6 hxg4 43. hxg4 Kc6 44. Be3 Kd7 45. Bf4 Be1 46. Kf3 Kc6 47. Bh2 Kd5 48. Kf4 Bd2+ 49. Kf3 Bc3 50. Bf4 0-1

[Event "Valencia-ch"]
[Site "Valencia"]
[Date "2012.04.21"]
[Round "5"]
[White "Ferrer Moreno, Jose"]
[Black "Marti Blanes, Jose Manuel"]
[Result "1-0"]
[WhiteElo "2194"]
[BlackElo "1947"]
[PlyCount "95"]
[EventDate "2012.04.14"]
[EventType "swiss"]
[EventRounds "7"]
[EventCountry "ESP"]
[SourceTitle "CBM 148 Extra"]
[Source "ChessBase"]
[SourceDate "2012.06.22"]
[SourceVersion "1"]
[SourceVersionDate "2012.06.22"]
[SourceQuality "1"]

1. d4 Nf6 2. Nf3 g6 3. g3 Bg7 4. Bg2 0-0 5. 0-0 d6 6. a4 Nbd7 7. a5 Rb8 8. Nc3 e5 9. dxe5 dxe5 10. Be3 a6 11. Qd3 Qe7 12. Qc4 c6 13. Rfd1 h6 14. Rd2 e4 15. Nd4 Ne5 16. Qb3 c5 17. Nxe4 cxd4 18. Rxd4 Nfg4 19. Bf4 g5 20. Bd2 Be6 21. Bb4 Bxb3 22. Bxe7 Nc6 23. Bxf8 Nxd4 24. Bxg7 Nxc2 25. Bc3 Nxa1 26. h3 Bd5 27. hxg4 Bxe4 28. Bxe4 Nb3 29. Bd5 Nc5 30. e4 Nd7 31. f4 b5 32. e5 b4 33. Bd4 Kf8 34. Bc4 Ke7 35. f5 f6 36. e6 Ne5 37. Bc5+ Ke8 38. Bxa6 Nc6 39. Bb6 Ke7 40. Bb5 Kd6 41. Bxc6 Kxc6 42. Bd4 Rf8 43. a6 Kd5 44. Bxf6 Ke4 45. Be7 Rc8 46. Bxb4 Kf3 47. Kf1 Rc2 48. a7 1-0

[Event "Benidorm op U2200 10th"]
[Site "Benidorm"]
[Date "2011.12.09"]
[Round "9"]
[White "Marti Blanes, Jose Manuel"]
[Black "Sacristan Latorre, Alberto"]
[Result "0-1"]
[WhiteElo "1921"]
[BlackElo "1990"]
[PlyCount "74"]
[EventDate "2011.12.02"]
[EventType "swiss"]
[EventRounds "10"]
[EventCountry "ESP"]
[SourceTitle "CBM 145 Extra"]
[Source "ChessBase"]
[SourceDate "2012.01.03"]
[SourceVersion "1"]
[SourceVersionDate "2012.01.03"]
[SourceQuality "1"]

1. e4 c5 2. Nf3 d6 3. d4 cxd4 4. Nxd4 Nf6 5. Nc3 a6 6. Bg5 Nbd7 7. f4 Qc7 8. Qf3 h6 9. Bh4 g5 10. fxg5 hxg5 11. Bg3 Nc5 12. Nd5 Nxd5 13. exd5 Bg7 14. 0-0-0 Qb6 15. c3 Bd7 16. Nf5 Bf6 17. Nxd6+ Kf8 18. Be5 Bg4 19. Qxg4 Bxe5 20. Nc4 Qf6 21. Nxe5 Qxe5 22. Qd4 Qxd4 23. Rxd4 Rd8 24. g3 e5 25. dxe6 Rxd4 26. cxd4 Nxe6 27. d5 Nd4 28. Kd2 Nf3+ 29. Kd3 Nxh2 30. Be2 Rh6 31. Kd4 Ke7 32. Ke5 Ng4+ 33. Bxg4 f6+ 34. Kf5 Rxh1 35. d6+ Kxd6 36. Kxf6 Rg1 37. Kxg5 Rxg3 0-1

[Event "Benidorm op U2200 10th"]
[Site "Benidorm"]
[Date "2011.12.06"]
[Round "6"]
[White "Bote Kobolo, Benjamin"]
[Black "Marti Blanes, Jose Manuel"]
[Result "1-0"]
[WhiteElo "1955"]
[BlackElo "1921"]
[PlyCount "75"]
[EventDate "2011.12.02"]
[EventType "swiss"]
[EventRounds "10"]
[EventCountry "ESP"]
[SourceTitle "CBM 145 Extra"]
[Source "ChessBase"]
[SourceDate "2012.01.03"]
[SourceVersion "1"]
[SourceVersionDate "2012.01.03"]
[SourceQuality "1"]

1. Nf3 Nf6 2. c4 g6 3. Nc3 Bg7 4. d4 0-0 5. e4 d6 6. Be2 e5 7. 0-0 Nc6 8. d5 Ne7 9. c5 Nh5 10. Be3 f5 11. cxd6 cxd6 12. exf5 Bxf5 13. Qb3 Nf4 14. Bxf4 exf4 15. Qb4 Bg4 16. h3 Bxf3 17. Bxf3 Nf5 18. Rad1 Qb6 19. Qa3 Rac8 20. Rd2 Bxc3 21. bxc3 Qc5 22. Qa4 Qxc3 23. Rdd1 Rc4 24. Qxa7 Nd4 25. Bg4 f3 26. g3 Rb4 27. Be6+ Kh8 28. Rb1 Ne2+ 29. Kh2 Rb2 30. Rxb2 Qxb2 31. Qe3 Ra8 32. Qxf3 Kg7 33. Re1 Rxa2 34. Bg4 Qe5 35. Rxe2 Rxe2 36. Qxe2 Qxd5 37. Bf3 Qb3 38. Qe7+ 1-0

[Event "Provincial-ch Alicante"]
[Site "Valencia Elche"]
[Date "2011.10.01"]
[Round "1.5"]
[White "Arias Igual, Alejandro"]
[Black "Marti Blanes, Jose Manuel"]
[Result "1-0"]
[WhiteElo "2123"]
[BlackElo "1921"]
[PlyCount "69"]
[EventDate "2011.10.01"]
[EventType "swiss"]
[EventRounds "7"]
[EventCountry "ESP"]
[SourceTitle "EXT 2024"]
[Source "ChessBase"]
[SourceDate "2023.10.10"]
[SourceVersion "1"]
[SourceVersionDate "2023.10.10"]
[SourceQuality "1"]

1. d4 Nf6 2. c4 g6 3. g3 Bg7 4. Bg2 0-0 5. Nc3 d6 6. e4 Nbd7 7. Nge2 e5 8. 0-0 Re8 9. f3 a6 10. Be3 exd4 11. Nxd4 Rb8 12. Rf2 c5 13. Nc2 Ne5 14. Na3 Be6 15. Rd2 Qa5 16. Qe2 Qb4 17. Nd5 Bxd5 18. cxd5 b5 19. h3 c4 20. Rb1 Nd3 21. Nc2 Qa4 22. b3 Qxa2 23. Ra1 Qxb3 24. Ra3 Qxa3 25. Nxa3 Nxd5 26. exd5 Bc3 27. Rxd3 cxd3 28. Qxd3 Ba5 29. Bd4 Re1+ 30. Kh2 Rbe8 31. Nc2 R1e2 32. Bc3 Bb6 33. Nd4 R8e3 34. Qxe2 Bxd4 35. Qd2 1-0

[Event "Valenciana Comunity op"]
[Site "L'Alfas del Pi"]
[Date "2011.06.12"]
[Round "4"]
[White "Moran Garcia, Aida"]
[Black "Marti Blanes, Jose Manuel"]
[Result "1/2-1/2"]
[WhiteElo "1672"]
[BlackElo "1943"]
[PlyCount "53"]
[EventDate "2011.06.11"]
[EventType "swiss"]
[EventRounds "7"]
[EventCountry "ESP"]
[SourceTitle "EXT 2013"]
[Source "ChessBase"]
[SourceDate "2012.11.22"]
[SourceVersion "1"]
[SourceVersionDate "2012.11.22"]
[SourceQuality "1"]

1. d4 Nf6 2. c4 g6 3. Nc3 Bg7 4. e4 d6 5. Nf3 0-0 6. Be3 Nbd7 7. Be2 e5 8. d5 Ng4 9. Bg5 f6 10. Bh4 g5 11. Bg3 f5 12. h3 Nh6 13. Qd2 f4 14. Bh2 g4 15. hxg4 Nxg4 16. Bg1 Nc5 17. Qc2 a5 18. 0-0-0 a4 19. Nh2 Nf6 20. f3 a3 21. b3 Nh5 22. Nf1 Qg5 23. Bxc5 dxc5 24. Nb5 c6 25. dxc6 bxc6 26. Nc3 Qg6 27. Na4 1/2-1/2

[Event "Valenciana Comunity op"]
[Site "L'Alfas del Pi"]
[Date "2011.06.11"]
[Round "2"]
[White "Marti Blanes, Jose Manuel"]
[Black "Erades Berenguer, Ana"]
[Result "1/2-1/2"]
[WhiteElo "1943"]
[BlackElo "1400"]
[PlyCount "47"]
[EventDate "2011.06.11"]
[EventType "swiss"]
[EventRounds "7"]
[EventCountry "ESP"]
[SourceTitle "EXT 2013"]
[Source "ChessBase"]
[SourceDate "2012.11.22"]
[SourceVersion "1"]
[SourceVersionDate "2012.11.22"]
[SourceQuality "1"]

1. e4 e5 2. Nf3 Nc6 3. Bb5 a6 4. Ba4 Nf6 5. 0-0 d6 6. d4 b5 7. dxe5 dxe5 8. Qxd8+ Kxd8 9. Bb3 Ke8 10. Nc3 Bd6 11. Bg5 Na5 12. Rfe1 Nxb3 13. axb3 Nd7 14. Nxb5 f6 15. Nxd6+ cxd6 16. Be3 Bb7 17. Nd2 Rc8 18. c4 Nc5 19. Bxc5 Rxc5 20. Nb1 Ke7 21. Nc3 Rb8 22. f3 Bc6 23. Ra3 a5 24. Re2 1/2-1/2

[Event "Valencia Autonomico Sur-B"]
[Site "Valencia"]
[Date "2009.01.24"]
[Round "3.2"]
[White "Fernandez Garcia, Francisco Jose"]
[Black "Marti Blanes, Jose Manuel"]
[Result "0-1"]
[WhiteElo "1966"]
[BlackElo "1833"]
[PlyCount "99"]
[EventDate "2009.01.10"]
[EventType "team-tourn"]
[EventRounds "5"]
[EventCountry "ESP"]
[SourceTitle "EXT 2011"]
[Source "ChessBase"]
[SourceDate "2010.11.26"]
[SourceVersion "1"]
[SourceVersionDate "2010.11.26"]
[SourceQuality "1"]

1. e4 c5 2. d3 Nc6 3. Nd2 e6 4. Ngf3 d5 5. g3 Nf6 6. Bg2 dxe4 7. dxe4 Be7 8. 0-0 0-0 9. Re1 b6 10. c3 Bb7 11. Qc2 Qc7 12. Nc4 Rad8 13. Bf4 Qc8 14. Rad1 h6 15. Bd6 Qa8 16. Bf4 Nh5 17. Bc1 b5 18. Ncd2 Nf6 19. a3 a5 20. h3 Nd7 21. Nf1 c4 22. Bf4 Nc5 23. Rxd8 Rxd8 24. Ne5 Nxe5 25. Bxe5 Nd3 26. Rd1 Nxe5 27. Nd2 Bc5 28. b3 Nd3 29. Rf1 Qa7 30. bxc4 Bxf2+ 31. Kh2 Qb8 32. Nf3 Qxg3+ 33. Kh1 Bxe4 34. Qe2 Bxf3 35. Qxf3 Qxf3 36. Bxf3 bxc4 37. Be4 Bc5 38. Kg2 Bxa3 39. Ra1 Bb2 40. Rxa5 Bxc3 41. Ra7 g6 42. Rc7 Ne5 43. h4 h5 44. Kg3 Kg7 45. Rb7 Bd2 46. Kf2 c3 47. Rc7 Rd7 48. Rc5 Nd3+ 49. Bxd3 Rxd3 50. Ke2 0-1